| 000 | 01072cam a22002295i 4500 | ||
|---|---|---|---|
| 001 | 19128536 | ||
| 005 | 20260209085400.0 | ||
| 008 | 160609s2016 enk b 001 0 eng | ||
| 010 | _a 2016944275 | ||
| 020 | _a9781783478026 | ||
| 082 | _a361.61 BEL | ||
| 100 | 1 | _aBéland, Daniel | |
| 245 | 0 | 0 |
_aAdvanced introduction to social policy / _cDaniel Béland and Rianne Mahon |
| 264 | 1 |
_aCheltenham : _bEdward Elgar Publishing, _c2016. |
|
| 300 |
_aix, 137 p. ; _c23 cm. |
||
| 490 | 0 | _aElgar advanced introductions | |
| 505 | _aIntroduction 1. Capitalism, Citizenship and Solidarity; 2. Explaining Social Policy Development Theoretical Perspectives; 3. Classifying Countries Reconsidering Welfare Regimes; 4. Taking Ideas Seriously in Social Policy; 5. Social Exclusion, New Social Risks and Social Investment; 6. Changing Gender Norms, Welfare Regime Forms; 7. Social Policy and the Politics of Diversity; 8. Globalisation and Social Policy; Conclusion | ||
| 650 | 0 | _aSocial policy. | |
| 650 | 0 | _aSocial problems. | |
| 700 | _aMahon, Rianne | ||
| 942 |
_2ddc _cBK |
||
| 999 |
_c112048 _d112048 |
||